000 00410pab a2200169 454500
008 180718b2001 xxu||||| |||| 00| 0 eng d
100 _aFrankel, David M.
245 _aThe retail price of inequality
260 _c2001
300 _ap.219-39
362 _aMar
650 _aPoverty
650 _aIncome distribution
700 _aGould, Eric D.
773 _aJournal of Urban Economics
909 _a48906
999 _c48906
_d48906